| 000 | 00631nam a2200217 4500 | ||
|---|---|---|---|
| 003 | OSt | ||
| 005 | 20260601193851.0 | ||
| 008 | 260417b1938 nyu |||| |||| 00| 0 eng d | ||
| 040 |
_aICI _bspa _cICI |
||
| 050 |
_aN70 _b C6 |
||
| 100 | 1 |
_aCollingwood, R. G. _d1889-1943, _932236 |
|
| 245 | 1 |
_aThe principles of art / |c Robin G. Collingwood _cRobin G. Collingwood |
|
| 264 |
_bClarendon Press, _c1958 _c1938 _aOxford : |
||
| 300 | _a347 páginas | ||
| 336 |
_atexto _2rdacontent |
||
| 337 |
_asin medio _2rdamedia |
||
| 338 |
_avolumen _2rdacarrier |
||
| 650 | _2Estética | ||
| 650 |
_2 Arte | _xFilosofía _914906 |
||
| 942 |
_2lcc _cB |
||
| 999 |
_c21841 _d21841 |
||